000 00919cam a2200205 4500
001 ABS60787
008 000000n1999 000 0 eng u
035 _a(Sirsi) u101282
100 _aPawlowski, M.
245 _aForfeiture for non-payment of rent: equivolcal writs and waiver.
260 _c1999
490 _aRent Review & Lease Renewal
_v(2) June 1999, 87-93(7)
520 _aDiscusses the extent to which a landlord will waive a right of forfeiture for non-payment of rent by demanding subsequent instalments of rent falling due after the breach. Also looks at the question of whether a writ or summons claiming possession based on arrears of rent will be characterised as 'equivocal' if it claims later instalments of rent. (Taken from journal abstract).
650 _aLEASES
650 _aRENT
650 _aPOSSESSION
690 _aPROPERTY-LANDLORD AND TENANT
700 _aBrown, J.
942 _n0
999 _c60434
_d60434